000 00329nam a2200145Ia 4500
100 _aHan/Jiawel/ Kamber M
250 _a2
942 _cRB
654 _amining
245 _aData mining:Concepts and techniques
260 _bMorgan Kaufman
_aNew Delhi
_c2006
082 _a005.74/HAN
_bHAN
300 _a770
546 _aENGLISH
999 _c34030
_d34030